000 nam a22 7a 4500
999 _c342380
_d342380
003 NUST
005 20171222154556.0
008 171222b xxu||||| |||| 00| 0 eng d
040 _c0
082 _a297 RIS
100 _aRashid,Ali Muhammdi
_97534
245 _ahaqooq e insaniyat islam ki nazar main (urdu title)
_cHafiz Rashid Ali Muhammdi
260 _aLahore
_bSuba Roshan
_c2013
300 _a271p.
500 _aH.B
942 _2ddc
_cBK
_kIESE